000 00689nas a2200229 4500
001 BR0503974
003 BR-BrBNA
005 20231205105520.0
007 ta
008 230509b bl.|||p| |||| 00| 00por d
040 _aBR-BrBNA
_bpor
_cBiblioteca Nacional de Agricultura
041 _a(Pt)
072 _aE14
100 1 _aAicher, C.
245 1 _aA política florestal européia: um sonho ou uma realidade
650 _aFLORESTA
650 _aPOLÍTICA FLORESTAL
650 _aPOLÍTICA DE DESENVOLVIMENTO
773 0 _tCiência Florestal (Brazil)
_xISSN 0103-9954
_g(Dec 2004), v. 14(2) p. 177-188
_wBR0503974
909 _a202311
_bLúcia
_c55
_dLúcia Elande
942 _2AGRIS
_n0
_cANA
999 _c183356
_d183356